00916nam a2200217 a 450000100100000000500170001000800410002704000250006808200200009310000310011324500450014426000750018930000200026450000900028459000270037465000270040165000310042891000370045995201850049699900170068100003287020240530073920.0110801s1942 dr 000 f spa d aDO-SdBNPbspacBNPHU aRD863.42bH557j1 aHernández, Emilio95864813aEl joven generoso /cEmilio Hernández. aCiudad Trujillo, República Dominicana :bImprenta Vila Morel,c1942. a49 p. ;c20 cm. aArgumento interesante, moral, sensacional y chispiante : Complejo y expreso para film aInventariado, 2018/ YL 0aNovela dominicana9223 0aLiteratura dominicana.967 aValidado. Control de calidad MFF 001050718RVaPDbPDcHDd2011-08-01iLF1l0oRD863.42 H557jp32870-10r2020-06-25w2020-06-25y1zPerteneció a la biblioteca personal de Carlos Larrazabal BlancoZNo se presta c32361d32361